La cour de cassation. Traité de ses attributions, de sa compétence et de la procédure observée en matière civile

Enregistré dans:
Détails bibliographiques
Auteur principal: Faye, Ernest (Auteur)
Format: Livre
Langue:français
Publié: París A. Chevalier-Marescq 1903
Sujets:
Tags: Ajouter un tag
Pas de tags, Soyez le premier à ajouter un tag!

MARC

LEADER 00000nam a2200000 a 4500
001 UCS1227
003 CL-VaPUC
008 970509e19030000FR |||||||||||||||||fre|d
082 0 4 |a 347.077  |b FAY  |2 21 
100 0 |a Faye, Ernest  |e author  |9 385511 
245 1 3 |a La cour de cassation. Traité de ses attributions, de sa compétence et de la procédure observée en matière civile 
300 |a 728 p 
942 |c BK 
945 |d 19970509 00:00:00  |a paguirre 
260 |a París  |b A. Chevalier-Marescq  |c 1903 
650 0 |a Recurso de casación  |9 258890 
650 0 |a Procedimiento civil  |9 254870 
650 0 |a Tribunales  |9 254872 
650 0 |a Derecho procesal civil  |9 258071 
583 |a last modification  |c 19970509 00:00:00  |k Rodrigo Vera 
999 |c 259327  |d 259325 
952 |0 0  |1 0  |4 0  |6 347_077000000000000_FAY_1903  |7 0  |8 X  |9 283990  |a BIBDER  |b BIBDER  |d 2019-11-19  |i 1841777  |o 347.077 FAY 1903  |p 1841777  |r 2023-01-25  |w 2019-11-19  |y BK_X  |k DER